Subdivision capitals closest to Szczecin (PL) - Statistics

General Stats
  • This quiz has been taken 45 times
  • The average score is 10 of 20
Answer Stats
Distance (km) Answer % Correct
2 129 Berlin
94%
13 288 Gdańsk
85%
5 196 Poznań
82%
1 91 Gorzów Wielkopolski
70%
17 302 Hamburg
67%
19 309 Wrocław
67%
7 232 Bydgoszcz
64%
10 271 Dresden
64%
4 178 Zielona Góra
61%
12 280 København
58%
11 274 Toruń
55%
18 305 Kiel
42%
3 153 Potsdam
39%
6 208 Schwerin
36%
9 261 Malmö
33%
8 245 Magdeburg
30%
16 298 Liberec
24%
20 310 Ústí nad Labem
21%
15 295 Sorø
9%
14 290 Kristianstad
3%
No matching quizzes found
Score Distribution
Percent of People with Each Score
Percentile by Number Answered
Your Score History
You have not taken this quiz